[Event "Bundesliga 9495"]
[Site "Deutschland"]
[Date "1994.??.??"]
[Round "?.2"]
[White "Rozentalis, Eduardas"]
[Black "Ftacnik, Lubomir"]
[Result "1/2-1/2"]
[WhiteElo "2595"]
[BlackElo "2570"]
[PlyCount "92"]
[EventDate "1994.10.??"]
[EventType "team"]
[EventRounds "15"]
[EventCountry "GER"]
[SourceTitle "Bundesliga 9495"]
[Source "DeepChess"]
[SourceDate "2005.01.01"]
[SourceVersion "1"]
[SourceVersionDate "2005.01.01"]
[SourceQuality "1"]
[WhiteTeam "SK Zaehringen 1921"]
[BlackTeam "Hamburger SK 1830 e.V."]
[WhiteTeamCountry "GER"]
[BlackTeamCountry "GER"]

1. e4 c5 2. Nf3 d6 3. d4 cxd4 4. Qxd4 a6 5. Bg5 h6 6. Bh4 Nc6 7. Qd2 g5 8. Bg3
Bg7 9. Nc3 Nf6 10. O-O-O Be6 11. e5 dxe5 12. Nxe5 Qxd2+ 13. Rxd2 Nxe5 14. Bxe5
O-O 15. Be2 Rfd8 16. Rhd1 Rxd2 17. Rxd2 Ne4 18. Bxg7 Nxd2 19. Bxh6 Nc4 20. Bxg5
f6 21. Bf4 Rd8 22. b3 Nd6 23. a4 Bf7 24. Bf3 e5 25. Be3 f5 26. g3 Kg7 27. Kb2
Rc8 28. h4 Bg6 29. Bg5 e4 30. Be2 Bf7 31. Bf4 Rd8 32. Nd1 Be6 33. Ne3 Nf7 34.
Kc3 Kg6 35. Nc4 Kf6 36. Kb4 Rc8 37. Be3 Bxc4 38. bxc4 Ne5 39. h5 Ke6 40. h6 Nf7
41. Bf4 Kf6 42. Be3 Kg6 43. c5 Rc6 44. Bd4 Re6 45. Be3 Rc6 46. Bd4 Re6 1/2-1/2

[Event "Bundesliga 9495"]
[Site "Deutschland"]
[Date "1994.??.??"]
[Round "?.3"]
[White "Movsziszian, Karen"]
[Black "Siegel, Georg"]
[Result "1-0"]
[WhiteElo "2525"]
[BlackElo "2490"]
[PlyCount "81"]
[EventDate "1994.10.??"]
[EventType "team"]
[EventRounds "15"]
[EventCountry "GER"]
[SourceTitle "Bundesliga 9495"]
[Source "DeepChess"]
[SourceDate "2005.01.01"]
[SourceVersion "1"]
[SourceVersionDate "2005.01.01"]
[SourceQuality "1"]
[WhiteTeam "Hamburger SK 1830 e.V."]
[BlackTeam "SK Zaehringen 1921"]
[WhiteTeamCountry "GER"]
[BlackTeamCountry "GER"]

1. d4 Nf6 2. c4 e6 3. Nf3 b6 4. g3 Ba6 5. b3 d5 6. Bg2 c5 7. O-O Nc6 8. Bb2 Rc8
9. cxd5 exd5 10. Re1 Be7 11. Nc3 O-O 12. e3 Qd6 13. dxc5 bxc5 14. Nh4 Qd7 15.
Bxd5 Nxd5 16. Qxd5 Qxd5 17. Nxd5 Bxh4 18. gxh4 Rfe8 19. Rac1 Ne5 20. Bxe5 Rxe5
21. e4 Bb7 22. Nc3 Bc6 23. f3 Rh5 24. Ne2 Re5 25. Nf4 Bb5 26. Red1 Kf8 27. a4
Ba6 28. Rd6 Bb7 29. Nd3 Re7 30. Rxc5 Rec7 31. b4 Ke7 32. Rd4 Ba8 33. Re5+ Kf8
34. Kf2 Bc6 35. Nc5 Re7 36. Rxe7 Kxe7 37. Ke3 g6 38. e5 h6 39. Rd6 Be8 40. Ra6
Rc7 41. Kd4 1-0

[Event "Bundesliga 9495"]
[Site "Deutschland"]
[Date "1994.??.??"]
[Round "?.4"]
[White "Mann, Christian"]
[Black "Mueller, Karsten"]
[Result "1/2-1/2"]
[WhiteElo "2450"]
[BlackElo "2470"]
[PlyCount "44"]
[EventDate "1994.10.??"]
[EventType "team"]
[EventRounds "15"]
[EventCountry "GER"]
[SourceTitle "Bundesliga 9495"]
[Source "DeepChess"]
[SourceDate "2005.01.01"]
[SourceVersion "1"]
[SourceVersionDate "2005.01.01"]
[SourceQuality "1"]
[WhiteTeam "SK Zaehringen 1921"]
[BlackTeam "Hamburger SK 1830 e.V."]
[WhiteTeamCountry "GER"]
[BlackTeamCountry "GER"]

1. g3 d5 2. Bg2 c6 3. d3 Nf6 4. Nf3 Bg4 5. O-O e6 6. Nbd2 Be7 7. e4 dxe4 8.
dxe4 O-O 9. e5 Nd5 10. Qe2 Nd7 11. a3 Qc7 12. Re1 Rfd8 13. Nf1 Nc5 14. Bd2 Bh5
15. Rad1 Rd7 16. Bc1 Rad8 17. h3 Na4 18. Kh2 Qb6 19. Rd3 Nc5 20. Rdd1 Na4 21.
Rd3 Nc5 22. Rdd1 Na4 1/2-1/2

[Event "Bundesliga 9495"]
[Site "Deutschland"]
[Date "1994.??.??"]
[Round "?.5"]
[White "Michaelsen, Nils"]
[Black "Schmaltz, Roland"]
[Result "1/2-1/2"]
[WhiteElo "2430"]
[BlackElo "2450"]
[PlyCount "123"]
[EventDate "1994.10.??"]
[EventType "team"]
[EventRounds "15"]
[EventCountry "GER"]
[SourceTitle "Bundesliga 9495"]
[Source "DeepChess"]
[SourceDate "2005.01.01"]
[SourceVersion "1"]
[SourceVersionDate "2005.01.01"]
[SourceQuality "1"]
[WhiteTeam "Hamburger SK 1830 e.V."]
[BlackTeam "SK Zaehringen 1921"]
[WhiteTeamCountry "GER"]
[BlackTeamCountry "GER"]

1. d4 g6 2. c4 Bg7 3. Nc3 d6 4. e4 Nf6 5. f4 O-O 6. Nf3 Na6 7. Be2 e5 8. fxe5
dxe5 9. d5 c6 10. O-O cxd5 11. cxd5 Qb6+ 12. Kh1 Ne8 13. b4 Qxb4 14. Nb5 Bg4
15. Ba3 Qxe4 16. Bxf8 Bxf8 17. Rc1 Nd6 18. Nxd6 Bxd6 19. Rc4 Qf5 20. Nd2 Bxe2
21. Qxe2 Qd7 22. Ne4 Be7 23. d6 Bd8 24. Nf6+ Bxf6 25. Rxf6 Re8 26. Rc1 e4 27.
h3 Re5 28. Qb2 Rd5 29. Rcf1 Nc5 30. Rxf7 Qxf7 31. Rxf7 Kxf7 32. Qh8 Ke6 33.
Qxh7 Rxd6 34. Qxg6+ Kd5 35. Qg5+ Kc6 36. h4 Rd3 37. h5 e3 38. Qe5 Rd5 39. Qe8+
Kd6 40. Qxe3 Rxh5+ 41. Kg1 Re5 42. Qd4+ Ke6 43. g3 b6 44. Kg2 Re4 45. Qg7 Ra4
46. Kh3 Ra3 47. Kh4 Ra5 48. g4 Ne4 49. Qd4 Ng5 50. Qc3 Nf7 51. Kg3 Ke7 52. Qb2
Ke6 53. Qb3+ Ke7 54. Kf4 Kf6 55. Kg3 Ke7 56. Kh4 Kf6 57. Qf3+ Kg7 58. Qc3+ Kg6
59. Qb2 Ng5 60. Qc2+ Kg7 61. Qc3+ Kg6 62. Qd3+ 1/2-1/2

[Event "Bundesliga 9495"]
[Site "Deutschland"]
[Date "1994.??.??"]
[Round "?.6"]
[White "Brendel, Oliver"]
[Black "Loeffler, Stefan"]
[Result "1-0"]
[WhiteElo "2370"]
[BlackElo "2420"]
[PlyCount "80"]
[EventDate "1994.10.??"]
[EventType "team"]
[EventRounds "15"]
[EventCountry "GER"]
[SourceTitle "Bundesliga 9495"]
[Source "DeepChess"]
[SourceDate "2005.01.01"]
[SourceVersion "1"]
[SourceVersionDate "2005.01.01"]
[SourceQuality "1"]
[WhiteTeam "SK Zaehringen 1921"]
[BlackTeam "Hamburger SK 1830 e.V."]
[WhiteTeamCountry "GER"]
[BlackTeamCountry "GER"]

1. e4 Nf6 2. e5 Nd5 3. d4 d6 4. c4 Nb6 5. exd6 exd6 6. Nc3 Be7 7. Bd3 Nc6 8.
Nge2 Bg4 9. f3 Bh4+ 10. g3 Bxf3 11. O-O Bxe2 12. Qxe2+ Be7 13. Qh5 Bf6 14. Bg5
Bxd4+ 15. Kg2 Bf6 16. Rae1+ Ne5 17. Bxf6 gxf6 18. c5 Nbd7 19. cxd6 cxd6 20. Bb5
Rc8 21. Ne4 Ke7 22. Bxd7 Rc2+ 23. Kh1 Qxd7 24. Rxf6 Qg4 25. Rxf7+ Kd8 26. Qxg4
Nxg4 27. Rxb7 d5 28. Ng5 Kc8 29. Rxa7 Kb8 30. Ra4 Nf2+ 31. Kg1 h6 32. Rb4+ Kc8
33. Rf1 Rf8 34. Rf4 Rxf4 35. gxf4 Ng4 36. Ne6 Rxb2 37. f5 Kd7 38. f6 Kxe6 39.
f7 Rb8 40. f8=Q Rxf8 1-0

[Event "Bundesliga 9495"]
[Site "Deutschland"]
[Date "1994.??.??"]
[Round "?.7"]
[White "Heinemann, Thies"]
[Black "Schuh, Hubert"]
[Result "1-0"]
[WhiteElo "2395"]
[BlackElo "2345"]
[PlyCount "117"]
[EventDate "1994.10.??"]
[EventType "team"]
[EventRounds "15"]
[EventCountry "GER"]
[SourceTitle "Bundesliga 9495"]
[Source "DeepChess"]
[SourceDate "2005.01.01"]
[SourceVersion "1"]
[SourceVersionDate "2005.01.01"]
[SourceQuality "1"]
[WhiteTeam "Hamburger SK 1830 e.V."]
[BlackTeam "SK Zaehringen 1921"]
[WhiteTeamCountry "GER"]
[BlackTeamCountry "GER"]

1. e4 c5 2. Nf3 d6 3. Bb5+ Nd7 4. d4 Ngf6 5. Nc3 cxd4 6. Qxd4 e5 7. Qd3 h6 8.
Nd2 Be7 9. Nc4 O-O 10. Bxd7 Bxd7 11. Ne3 Be6 12. O-O Rc8 13. b3 Qb6 14. Bb2
Rfd8 15. Rfd1 a6 16. a4 Qa5 17. f3 g6 18. Kh1 h5 19. Ncd5 Bxd5 20. exd5 Nd7 21.
Nc4 Qc7 22. a5 Re8 23. Qd2 Bf8 24. Re1 Kh7 25. Re2 Bh6 26. Qb4 Nc5 27. Ba3 Bf8
28. Rae1 Rcd8 29. Bc1 f6 30. Be3 Qf7 31. Nb6 Nd7 32. c4 Nxb6 33. Bxb6 Rc8 34.
Qd2 Bh6 35. Qd3 f5 36. b4 Bg5 37. c5 Be7 38. Rc2 Bf8 39. c6 bxc6 40. dxc6 d5
41. Rd1 d4 42. Qxa6 Bxb4 43. c7 Bc3 44. Qb5 Qg7 45. Qa4 Re7 46. a6 Rcxc7 47.
Bxc7 Rxc7 48. Ra2 Ra7 49. Qc6 Qf7 50. Ra3 Bb2 51. Ra5 Qb3 52. Rg1 Kh6 53. Rb5
Qa4 54. Qc5 Ba3 55. Qxa7 Qxb5 56. Qb7 Qxb7 57. axb7 Bd6 58. Rc1 d3 59. Rc6 1-0

[Event "Bundesliga 9495"]
[Site "Deutschland"]
[Date "1994.??.??"]
[Round "?.8"]
[White "Vatter, Hans Joachim"]
[Black "Wegner, Hannu"]
[Result "1/2-1/2"]
[WhiteElo "2330"]
[BlackElo "2350"]
[PlyCount "33"]
[EventDate "1994.10.??"]
[EventType "team"]
[EventRounds "15"]
[EventCountry "GER"]
[SourceTitle "Bundesliga 9495"]
[Source "DeepChess"]
[SourceDate "2005.01.01"]
[SourceVersion "1"]
[SourceVersionDate "2005.01.01"]
[SourceQuality "1"]
[WhiteTeam "SK Zaehringen 1921"]
[BlackTeam "Hamburger SK 1830 e.V."]
[WhiteTeamCountry "GER"]
[BlackTeamCountry "GER"]

1. d4 d5 2. Nf3 e6 3. Bf4 Bd6 4. Bg3 Nf6 5. e3 Bxg3 6. hxg3 Qe7 7. c3 Nbd7 8.
Nbd2 e5 9. Be2 c5 10. dxe5 Nxe5 11. Nxe5 Qxe5 12. Bb5+ Ke7 13. Nf3 Qc7 14. Bd3
Bg4 15. Qc2 h6 16. Bf5 Bxf5 17. Qxf5 1/2-1/2

[Event "Bundesliga 9495"]
[Site "Deutschland"]
[Date "1995.??.??"]
[Round "?.1"]
[White "Zude, Arno"]
[Black "Wahls, Matthias"]
[Result "0-1"]
[WhiteElo "2430"]
[BlackElo "2555"]
[PlyCount "67"]
[EventDate "1994.10.??"]
[EventType "team"]
[EventRounds "15"]
[EventCountry "GER"]
[SourceTitle "Bundesliga 9495"]
[Source "DeepChess"]
[SourceDate "2005.01.01"]
[SourceVersion "1"]
[SourceVersionDate "2005.01.01"]
[SourceQuality "1"]
[WhiteTeam "SV 1920 Hofheim"]
[BlackTeam "Hamburger SK 1830 e.V."]
[WhiteTeamCountry "GER"]
[BlackTeamCountry "GER"]

1. e4 c5 2. Nf3 d6 3. d4 cxd4 4. Nxd4 Nf6 5. Nc3 a6 6. f4 Qc7 7. Bd3 g6 8. Nf3
Nbd7 9. O-O Bg7 10. Qe1 b5 11. Qh4 b4 12. Nd1 Nc5 13. Nf2 Bb7 14. Re1 a5 15.
Bb5+ Nfd7 16. f5 Qb6 17. Bxd7+ Nxd7 18. Be3 Qc7 19. Bd4 Ne5 20. Bxe5 dxe5 21.
Ng4 h5 22. Nf2 Bf6 23. Qg3 gxf5 24. exf5 Qxc2 25. Nxe5 Qxf5 26. Rad1 h4 27. Qg4
Qxg4 28. Nfxg4 Bg5 29. Nc4 O-O 30. Re5 f5 31. Nge3 Be4 32. Nd5 Rfd8 33. Kf2 Kf7
34. Nde3 $138 0-1

[Event "Bundesliga 9495"]
[Site "Deutschland"]
[Date "1995.??.??"]
[Round "?.2"]
[White "Ftacnik, Lubomir"]
[Black "Pirrot, Dieter"]
[Result "1-0"]
[WhiteElo "2605"]
[BlackElo "2395"]
[PlyCount "81"]
[EventDate "1994.10.??"]
[EventType "team"]
[EventRounds "15"]
[EventCountry "GER"]
[SourceTitle "Bundesliga 9495"]
[Source "DeepChess"]
[SourceDate "2005.01.01"]
[SourceVersion "1"]
[SourceVersionDate "2005.01.01"]
[SourceQuality "1"]
[WhiteTeam "Hamburger SK 1830 e.V."]
[BlackTeam "SV 1920 Hofheim"]
[WhiteTeamCountry "GER"]
[BlackTeamCountry "GER"]

1. d4 Nf6 2. Nf3 g6 3. c4 Bg7 4. Nc3 O-O 5. e4 d6 6. Be2 c5 7. O-O Bg4 8. d5 a6
9. a4 Nbd7 10. Bg5 Qb6 11. a5 Qc7 12. Qc2 Rae8 13. h3 Bxf3 14. Bxf3 h6 15. Be3
e6 16. g3 Re7 17. Bg2 Rfe8 18. Rfe1 exd5 19. cxd5 c4 20. Ra4 Ne5 21. Rd1 Nfd7
22. Bd4 Rc8 23. Ne2 Nd3 24. b3 Bxd4 25. Nxd4 N3c5 26. Rxc4 Ne5 27. Rc3 Qxa5 28.
f4 Ned7 29. Rb1 Rce8 30. b4 Qa4 31. e5 dxe5 32. fxe5 Qxc2 33. Rxc2 Nd3 34. e6
fxe6 35. d6 Rg7 36. Bxb7 Rb8 37. Rc8+ Kh7 38. Rxb8 Nxb8 39. Be4 Rd7 40. Bxd3
Rxd6 41. Rd1 1-0

[Event "Bundesliga 9495"]
[Site "Deutschland"]
[Date "1995.??.??"]
[Round "?.3"]
[White "Rechel, Bernd"]
[Black "Movsziszian, Karen"]
[Result "0-1"]
[WhiteElo "2410"]
[BlackElo "2470"]
[PlyCount "82"]
[EventDate "1994.10.??"]
[EventType "team"]
[EventRounds "15"]
[EventCountry "GER"]
[SourceTitle "Bundesliga 9495"]
[Source "DeepChess"]
[SourceDate "2005.01.01"]
[SourceVersion "1"]
[SourceVersionDate "2005.01.01"]
[SourceQuality "1"]
[WhiteTeam "SV 1920 Hofheim"]
[BlackTeam "Hamburger SK 1830 e.V."]
[WhiteTeamCountry "GER"]
[BlackTeamCountry "GER"]

1. e4 Nf6 2. e5 Nd5 3. d4 d6 4. Nf3 g6 5. c4 Nb6 6. Nc3 Bg7 7. exd6 cxd6 8. h3
O-O 9. Be2 e5 10. Bg5 f6 11. Be3 Be6 12. d5 Bf7 13. O-O Na6 14. Rc1 h6 15. Ne1
f5 16. f4 exf4 17. Bxf4 Re8 18. Qd2 g5 19. Be3 f4 20. Bd4 Bxd4+ 21. Qxd4 Nd7
22. Nf3 Bh5 23. Bd3 Bxf3 24. Rxf3 Ne5 25. Rff1 Nc5 26. Bc2 Qb6 27. b3 Re7 28.
a3 Rf8 29. b4 Ncd7 30. Qxb6 Nxb6 31. c5 Nbc4 32. Nb5 f3 33. Rce1 f2+ 34. Rxf2
Nf3+ 35. Rxf3 Rxe1+ 36. Kf2 Rxf3+ 37. gxf3 Rc1 38. Bf5 dxc5 39. bxc5 Ne5 40. c6
bxc6 41. dxc6 Nxc6 0-1

[Event "Bundesliga 9495"]
[Site "Deutschland"]
[Date "1995.??.??"]
[Round "?.4"]
[White "Mueller, Karsten"]
[Black "Reschke, Stefan"]
[Result "1/2-1/2"]
[WhiteElo "2470"]
[BlackElo "2405"]
[PlyCount "84"]
[EventDate "1994.10.??"]
[EventType "team"]
[EventRounds "15"]
[EventCountry "GER"]
[SourceTitle "Bundesliga 9495"]
[Source "DeepChess"]
[SourceDate "2005.01.01"]
[SourceVersion "1"]
[SourceVersionDate "2005.01.01"]
[SourceQuality "1"]
[WhiteTeam "Hamburger SK 1830 e.V."]
[BlackTeam "SV 1920 Hofheim"]
[WhiteTeamCountry "GER"]
[BlackTeamCountry "GER"]

1. e4 c5 2. Nf3 d6 3. d4 cxd4 4. Nxd4 Nf6 5. Nc3 g6 6. Be3 Bg7 7. f3 O-O 8. Qd2
Nc6 9. O-O-O Be6 10. Kb1 Nxd4 11. Bxd4 Qc7 12. Nd5 Bxd5 13. exd5 Rfc8 14. Rc1
Qd7 15. g4 b5 16. h4 Qb7 17. c4 bxc4 18. Bxc4 Rc7 19. Bb3 Rac8 20. Rxc7 Rxc7
21. h5 Qb5 22. h6 Bh8 23. g5 Nd7 24. Bxh8 Kxh8 25. Qd4+ Ne5 26. Rd1 Qc5 27. f4
Qxd4 28. Rxd4 Nd7 29. Rb4 Kg8 30. a4 a5 31. Rb5 Ra7 32. Bd1 f6 33. Bg4 f5 34.
Be2 Kf7 35. Bd3 Ra8 36. Bc2 Nc5 37. Kc1 Ke8 38. Kd2 Kd7 39. Ke3 Kc7 40. Kd4 Nb7
41. Bd3 Nc5 42. b3 Ra7 1/2-1/2

[Event "Bundesliga 9495"]
[Site "Deutschland"]
[Date "1995.??.??"]
[Round "?.5"]
[White "Schmitzer, Klaus"]
[Black "Michaelsen, Nils"]
[Result "1/2-1/2"]
[WhiteElo "2355"]
[BlackElo "2430"]
[PlyCount "151"]
[EventDate "1994.10.??"]
[EventType "team"]
[EventRounds "15"]
[EventCountry "GER"]
[SourceTitle "Bundesliga 9495"]
[Source "DeepChess"]
[SourceDate "2005.01.01"]
[SourceVersion "1"]
[SourceVersionDate "2005.01.01"]
[SourceQuality "1"]
[WhiteTeam "SV 1920 Hofheim"]
[BlackTeam "Hamburger SK 1830 e.V."]
[WhiteTeamCountry "GER"]
[BlackTeamCountry "GER"]

1. e4 d5 2. exd5 Qxd5 3. Nc3 Qa5 4. Nf3 Nf6 5. Bc4 c6 6. O-O Bf5 7. Qe2 e6 8.
a3 Nbd7 9. b4 Qc7 10. Nd4 Qf4 11. Nxf5 Qxf5 12. Bb2 Bd6 13. Bd3 Qe5 14. g3 Qxe2
15. Bxe2 Be5 16. a4 Nd5 17. Nxd5 cxd5 18. c3 O-O 19. a5 g6 20. Rac1 Rac8 21. d3
Rc7 22. Rc2 b6 23. a6 Rfc8 24. Rfc1 b5 25. d4 Bxd4 26. Bxb5 Nb6 27. Kf1 Bf6 28.
Ke2 Nc4 29. Bxc4 Rxc4 30. Kd3 e5 31. f3 e4+ 32. fxe4 dxe4+ 33. Ke2 R8c6 34. Rd1
Rxa6 35. Rd7 Ra2 36. Rcd2 Ra6 37. Rb7 Be5 38. Re7 Bf6 39. Rb7 Be5 40. Re7 Re6
41. Rxa7 h5 42. b5 Rf6 43. Re7 Re6 44. Rd8+ Kg7 45. Rxe6 fxe6 46. b6 Rc6 47. b7
Rb6 48. Rd7+ Kf6 49. Ba3 Bxc3 50. Bd6 Be5 51. b8=Q Rxb8 52. Bxb8 Bxb8 53. Ke3
h4 54. gxh4 Bxh2 55. Kxe4 Bg3 56. Rh7 Be1 57. Kf3 Ke5 58. Kg4 Kf6 59. Rc7 Bd2
60. Rc2 Be1 61. Re2 Bb4 62. Rf2+ Kg7 63. Rb2 Bc5 64. Rg2 Be7 65. Rg1 Bc5 66.
Rg2 Be7 67. Kh3 Kf6 68. Kg3 Bd6+ 69. Kf3 Bc7 70. Ke4 Bd6 71. Kd4 Kf5 72. Rg5+
Kf6 73. Kc4 Bf4 74. Rg2 g5 75. Rf2 Kg6 76. hxg5 1/2-1/2

[Event "Bundesliga 9495"]
[Site "Deutschland"]
[Date "1995.??.??"]
[Round "?.6"]
[White "Maus, Soenke"]
[Black "Schwamberger, Martin"]
[Result "1-0"]
[WhiteElo "2430"]
[BlackElo "2330"]
[PlyCount "64"]
[EventDate "1994.10.??"]
[EventType "team"]
[EventRounds "15"]
[EventCountry "GER"]
[SourceTitle "Bundesliga 9495"]
[Source "DeepChess"]
[SourceDate "2005.01.01"]
[SourceVersion "1"]
[SourceVersionDate "2005.01.01"]
[SourceQuality "1"]
[WhiteTeam "Hamburger SK 1830 e.V."]
[BlackTeam "SV 1920 Hofheim"]
[WhiteTeamCountry "GER"]
[BlackTeamCountry "GER"]

1. c4 e5 2. g3 Nf6 3. Bg2 Nc6 4. Nc3 Be7 5. Nf3 O-O 6. O-O d6 7. d4 h6 8. d5
Nb8 9. e4 Nh7 10. Ne1 Nd7 11. a3 a5 12. Nd3 Bg5 13. f4 exf4 14. gxf4 Bf6 15.
Be3 g6 16. Qc2 Bg7 17. c5 Ndf6 18. h3 Ne8 19. Rae1 Bd7 20. Qf2 Bf6 21. Qf3 Ng7
22. Bf2 Be8 23. e5 Be7 24. Re2 Nf5 25. Rfe1 a4 26. Qe4 Ra6 27. Qc4 Kh8 28. c6
Qa8 29. exd6 Nxd6 30. Qb4 Bf6 31. cxb7 Qb8 32. Nc5 Rb6 $138 1-0

[Event "Bundesliga 9495"]
[Site "Deutschland"]
[Date "1995.??.??"]
[Round "?.7"]
[White "Buchal, Stephan"]
[Black "Reefschlaeger, Helmut"]
[Result "1/2-1/2"]
[WhiteElo "2355"]
[BlackElo "2375"]
[PlyCount "31"]
[EventDate "1994.10.??"]
[EventType "team"]
[EventRounds "15"]
[EventCountry "GER"]
[SourceTitle "Bundesliga 9495"]
[Source "DeepChess"]
[SourceDate "2005.01.01"]
[SourceVersion "1"]
[SourceVersionDate "2005.01.01"]
[SourceQuality "1"]
[WhiteTeam "SV 1920 Hofheim"]
[BlackTeam "Hamburger SK 1830 e.V."]
[WhiteTeamCountry "GER"]
[BlackTeamCountry "GER"]

1. g3 e5 2. Bg2 Nf6 3. e4 Nc6 4. Nc3 Bc5 5. Nge2 a6 6. O-O d6 7. Nd5 Nxd5 8.
exd5 Ne7 9. d4 exd4 10. Nxd4 O-O 11. Be3 Ng6 12. f4 Re8 13. Qd2 Bd7 14. Rae1
Bb5 15. Nxb5 Rxe3 16. Nd4 1/2-1/2

[Event "Bundesliga 9495"]
[Site "Deutschland"]
[Date "1995.??.??"]
[Round "?.8"]
[White "Heinemann, Thies"]
[Black "Haubt, Georg"]
[Result "1-0"]
[WhiteElo "2400"]
[BlackElo "2275"]
[PlyCount "67"]
[EventDate "1994.10.??"]
[EventType "team"]
[EventRounds "15"]
[EventCountry "GER"]
[SourceTitle "Bundesliga 9495"]
[Source "DeepChess"]
[SourceDate "2005.01.01"]
[SourceVersion "1"]
[SourceVersionDate "2005.01.01"]
[SourceQuality "1"]
[WhiteTeam "Hamburger SK 1830 e.V."]
[BlackTeam "SV 1920 Hofheim"]
[WhiteTeamCountry "GER"]
[BlackTeamCountry "GER"]

1. e4 e5 2. Bc4 Nf6 3. d3 c6 4. Nf3 d5 5. Bb3 Bd6 6. Nc3 dxe4 7. Ng5 O-O 8.
Ngxe4 Be7 9. O-O Nbd7 10. f4 exf4 11. Bxf4 Nc5 12. Nxc5 Bxc5+ 13. Kh1 Nd5 14.
Nxd5 cxd5 15. Qh5 Be6 16. Rae1 Rc8 17. c3 Be7 18. Be5 Rc6 19. Bd4 Bc5 20. Bxc5
Rxc5 21. Re5 Qd6 22. d4 Rb5 23. c4 dxc4 24. Rxb5 cxb3 25. d5 bxa2 26. dxe6 fxe6
27. Rg1 g6 28. Qe5 Qa6 29. Ra5 Qc4 30. Rxa7 Rf1 31. Qb8+ Kg7 32. Qxb7+ Kh6 33.
Qxh7+ Kg5 34. h4+ 1-0

[Event "Bundesliga 9495"]
[Site "Deutschland"]
[Date "1994.??.??"]
[Round "?.1"]
[White "Wahls, Matthias"]
[Black "Van der Sterren, Paul"]
[Result "0-1"]
[WhiteElo "2540"]
[BlackElo "2605"]
[PlyCount "74"]
[EventDate "1994.10.??"]
[EventType "team"]
[EventRounds "15"]
[EventCountry "GER"]
[SourceTitle "Bundesliga 9495"]
[Source "DeepChess"]
[SourceDate "2005.01.01"]
[SourceVersion "1"]
[SourceVersionDate "2005.01.01"]
[SourceQuality "1"]
[WhiteTeam "Hamburger SK 1830 e.V."]
[BlackTeam "SV Castrop Rauxel 1923"]
[WhiteTeamCountry "GER"]
[BlackTeamCountry "GER"]

1. e4 e5 2. Nf3 Nc6 3. Bb5 a6 4. Ba4 Nf6 5. O-O Be7 6. Re1 b5 7. Bb3 d6 8. c3
O-O 9. h3 Na5 10. Bc2 c5 11. d4 Bb7 12. d5 Nc4 13. a4 Nb6 14. b3 bxa4 15. bxa4
a5 16. Na3 Ba6 17. Rb1 Rb8 18. Nb5 Qd7 19. Qe2 c4 20. Be3 Rfc8 21. Nd2 Nxa4 22.
Bxa4 Bxb5 23. Rxb5 Rxb5 24. Nxc4 Qb7 25. Nxd6 Bxd6 26. Bxb5 Rxc3 27. Bc6 Qe7
28. Bb6 Bb4 29. Ra1 h5 30. Rd1 g6 31. Kh1 Kg7 32. Kg1 Qd6 33. Ra1 Qb8 34. Qa6
Nxe4 35. Bxa5 Bxa5 36. Qxa5 Qb2 37. Qa2 Rc1+ 0-1

[Event "Bundesliga 9495"]
[Site "Deutschland"]
[Date "1994.??.??"]
[Round "?.3"]
[White "Mueller, Karsten"]
[Black "Hoffmann, Michael"]
[Result "0-1"]
[WhiteElo "2470"]
[BlackElo "2470"]
[PlyCount "90"]
[EventDate "1994.10.??"]
[EventType "team"]
[EventRounds "15"]
[EventCountry "GER"]
[SourceTitle "Bundesliga 9495"]
[Source "DeepChess"]
[SourceDate "2005.01.01"]
[SourceVersion "1"]
[SourceVersionDate "2005.01.01"]
[SourceQuality "1"]
[WhiteTeam "Hamburger SK 1830 e.V."]
[BlackTeam "SV Castrop Rauxel 1923"]
[WhiteTeamCountry "GER"]
[BlackTeamCountry "GER"]

1. e4 c5 2. Nf3 d6 3. d4 cxd4 4. Nxd4 Nf6 5. Nc3 a6 6. Bc4 e6 7. O-O Be7 8. Bb3
O-O 9. f4 b5 10. f5 b4 11. Na4 e5 12. Ne2 Bb7 13. Ng3 Nbd7 14. Qf3 Bc6 15. Be3
Qc7 16. c4 Rfc8 17. Bc2 Qa5 18. Qd1 Rab8 19. Rc1 Bd8 20. Kh1 h6 21. h3 Rb7 22.
Re1 Nh7 23. Nh5 Ndf6 24. Ng3 Ne8 25. b3 Bxa4 26. bxa4 Rxc4 27. Bb3 Rxc1 28.
Bxc1 Bg5 29. Bxg5 Nxg5 30. Nh5 Qd8 31. Qd5 Rc7 32. Rd1 Qc8 33. h4 Rc5 34. Qd3
Nh7 35. Kh2 a5 36. Qg3 Nhf6 37. Qg6 d5 38. Nxf6+ Nxf6 39. Qg3 Rc3 40. Qe1 dxe4
41. Kh1 Ng4 42. Qe2 Ne3 43. Qh5 Rxb3 44. axb3 Nxd1 45. Qxd1 Qxf5 0-1

[Event "Bundesliga 9495"]
[Site "Deutschland"]
[Date "1994.??.??"]
[Round "?.4"]
[White "Libeau, Rene"]
[Black "Michaelsen, Nils"]
[Result "1-0"]
[WhiteElo "2490"]
[BlackElo "2430"]
[PlyCount "77"]
[EventDate "1994.10.??"]
[EventType "team"]
[EventRounds "15"]
[EventCountry "GER"]
[SourceTitle "Bundesliga 9495"]
[Source "DeepChess"]
[SourceDate "2005.01.01"]
[SourceVersion "1"]
[SourceVersionDate "2005.01.01"]
[SourceQuality "1"]
[WhiteTeam "SV Castrop Rauxel 1923"]
[BlackTeam "Hamburger SK 1830 e.V."]
[WhiteTeamCountry "GER"]
[BlackTeamCountry "GER"]

1. c4 Nf6 2. Nc3 c5 3. g3 e6 4. Nf3 b6 5. Bg2 Bb7 6. O-O a6 7. Re1 d6 8. e4 Be7
9. d4 cxd4 10. Nxd4 Qc7 11. Be3 Nbd7 12. Rc1 Rc8 13. f4 Qb8 14. Nd5 exd5 15.
exd5 g6 16. b4 Qc7 17. Nc6 Bxc6 18. dxc6 Nf8 19. a4 Ne6 20. Rb1 O-O 21. a5 bxa5
22. b5 axb5 23. cxb5 d5 24. Bh3 Rfd8 25. f5 gxf5 26. Bxf5 d4 27. Bh6 Qd6 28.
Qd3 Bf8 29. Bd2 Ra8 30. Rf1 Bg7 31. g4 Nc5 32. Qh3 Nce4 33. Bf4 Qc5 34. g5 d3+
35. Kg2 Qd5 36. Kg1 Qc5+ 37. Be3 Nxg5 38. Qg3 Qe7 39. Bxg5 1-0